|
|
|
|
| LEADER |
01044nam a2200253 a 4500 |
| 001 |
1144972 |
| 008 |
101021r20081995enka b 001 0 eng d |
| 010 |
|
|
|a 95040465
|
| 020 |
|
|
|a 9780198538646
|
| 020 |
|
|
|a 0198538499 (hbk)
|
| 020 |
|
|
|a 0198538642 (pbk)
|
| 040 |
|
|
|a DLC
|c DLC
|d DLC
|d BD-DhAAL
|
| 082 |
0 |
0 |
|a 006.4
|2 20
|
| 100 |
1 |
|
|a Bishop, Christopher M.
|
| 245 |
1 |
0 |
|a Neural networks for pattern recognition /
|c Christopher M. Bishop.
|
| 260 |
|
|
|a Oxford :
|b Clarendon Press ;
|a New York :
|b Oxford University Press,
|c 1995 [reprinted 2008].
|
| 300 |
|
|
|a xvii, 482 p. :
|b ill. ;
|c 24 cm.
|
| 504 |
|
|
|a Includes bibliographical references (p. [457]-475) and index.
|
| 541 |
1 |
|
|e 00021408
|
| 650 |
|
0 |
|a Neural networks (Computer science)
|
| 650 |
|
0 |
|a Pattern recognition systems.
|
| 852 |
4 |
|
|a Ayesha Abed Library
|j General Shelf.
|
| 999 |
|
|
|c 9851
|d 9851
|
| 952 |
|
|
|0 0
|1 0
|2 ddc
|4 0
|6 006_400000000000000_BIS_2008
|7 0
|9 12628
|a BRACUL
|b BRACUL
|c GEN
|d 2010-10-21
|e TRIM EDUCATION
|g 5990.00
|l 8
|m 113
|o 006.4 BIS
|p 3010021408
|r 2025-06-17
|s 2024-10-31
|t 1
|w 2010-10-21
|y BK
|